01490 a2200229 4500003000400000005001700004008004100021020001800062100002400080245002200104260003500126300001000161520071500171650006600886650003500952650003900987650003301026650004201059942001201101999001901113952012801132OSt20251210123157.0251209b |||||||| |||| 00| 0 eng d a9781259096952 aMitchell T.9215695 aMachine Learning  bMcGrawHill Educ2013aNew York a414pp aThis textbook provides a single source introduction to the primary approaches to machine learning. It is intended for advanced undergraduate and graduate students, as well as for developers and researchers in the field. No prior background in artificial intelligence or statistics is assumed. Several key algorithms, example date sets, and project- oriented home work assignments discussed in the book are accessible through the World Wide Web. Feature: The book covers the concepts and techniques from the various fields in a unified fashion Covers very recent subjects such as genetic algorithms, reinforcement learning, and inductive logic programming. Writing style is clear, explanatory and precise."01aConcept Learning and the General-to-Specific Ordering921576102aDecision Tree Learning921576203aArtificial Neural Networks921576304aEvaluating Hypothese921576405aComputational Learning Theory9215765 cBK2ddc c369314d369314 00102ddc40708MCAa001b001d2025-12-06e8g1155.00l0pKBJP-BK-2888r2025-12-06 00:00:00v1540.00w2025-12-06yBKz2888